000 00417cam a2200157 4500
001 L135677
008 061124n2007 000 0 eng u
020 _a1405146273
_a9781405146272
035 _a(Sirsi) u135677
100 _aJagger, David
245 _aInternational construction procurement
260 _aBlackwell Publishing
_c2007
350 _a45.00
520 _aDue for publication mid 2007
942 _n0
999 _c106145
_d106145